Normal view MARC view
  • LIFE SKILL

Entry Topical Term

Number of records used in: 23

001 - CONTROL NUMBER

  • control field: 8393

003 - CONTROL NUMBER IDENTIFIER

  • control field: JRU

005 - DATE AND TIME OF LATEST TRANSACTION

  • control field: 20240118102045.0

008 - FIXED-LENGTH DATA ELEMENTS

  • fixed length control field: 240118|| aca||aabn | a|a d

040 ## - CATALOGING SOURCE

  • Original cataloging agency: JRU
  • Transcribing agency: JRU

150 ## - HEADING--TOPICAL TERM

  • Topical term or geographic name as entry element: LIFE SKILL

670 ## - SOURCE DATA FOUND

  • Source citation: Work cat.: (JRU)8471: BATRA, DINANATH 8392, BHARTIYA SHIKSHA KA SWAROOP, 2017